000 00521nmm a2200157Ia 4500
008 251105s9999||||xx |||||||||||||||||und||
041 _aspa
100 _aIglesias González, Manuel
245 0 _aElaboración de soluciones constructivas y preparación de muebles
264 _a[Madrid, España] :
_bMinisterio de Educación, Cultura y Deporte de España,
_c2012
300 _a289 páginas
490 _aAula Mentor
650 _aEngineering
856 _uhttps://public.digitaliapublishing.com/a/20921
942 _cCF
999 _c98422
_d98422